Hegel, filósofo del presente

Saved in:
Bibliografiske detaljer
Hovedforfatter: Albizu, Edgardo (Author)
Format: Bog
Sprog:spansk
Udgivet: Buenos Aires Prometeo 2009
Udgivelse:2a. ed
Fag:
Tags: Tilføj Tag
Ingen Tags, Vær først til at tagge denne postø!

MARC

LEADER 00000cam a2200000 a 4500
001 UCG5150
003 CL-VaPUC
005 20230421074440.0
008 110106e20090000AG |||||||||||||||||spa|d
999 |c 343696  |d 343694 
020 |a 9789875743236 
040 |c Pontificia Universidad Católica de Valparaíso 
082 0 4 |a 190  |b ALB  |2 21 
100 0 |a Albizu, Edgardo  |e author  |9 554700 
245 1 0 |a Hegel, filósofo del presente 
250 |a 2a. ed 
260 |a Buenos Aires  |b Prometeo  |c 2009 
300 |a 392 p 
583 |a last modification  |c 20130618 04:47:17  |k Rodrigo Vera 
600 0 |a Hegel, Georg Wilhelm Friedrich  |d 1770-1831  |9 860268 
650 0 |a Filosofía moderna  |9 258121 
942 |c BK  |2 ddc 
945 |d 20110106 00:00:00  |a dcastane 
952 |0 0  |1 0  |4 0  |6 190_000000000000000_ALB_2009  |7 0  |8 A  |9 441213  |a BIBEDU  |b BIBEDU  |d 2019-11-22  |i 4747917  |o 190 ALB 2009  |p 4747917  |r 2019-11-22  |w 2019-11-22  |y BK  |k FIL 
952 |0 0  |1 0  |4 0  |6 190_000000000000000_ALB_2009  |7 0  |8 A  |9 441214  |a BIBEDU  |b BIBEDU  |d 2019-11-22  |i 4980530  |o 190 ALB 2009  |p 4980530  |r 2019-11-22  |w 2019-11-22  |y BK  |k FIL